000 00670nam a2200217 4500
003 OSt
005 20240701072512.0
006 a
008 240701b |||||||| |||| 00| 0 eng d
020 _a0237753088
040 _aDWCL-Main lib.
_cOC
082 _2Fourth, International edition
_aCirc. 658.4038011 K93u 2012
100 _aKroenke, David M.
245 _aUsing MIS /
250 _aFourth, International edition
260 _aEngland:
_bPearson Education Limited,
_cc2012.
300 _b528 p. : ill. ;
_c28 cm.
504 _aIncludes index.
650 _a1. Management information systems.
942 _2ddc
_n0
_cBK-CIRC
_eFourth, International edition
_kCirc.
999 _c1727
_d1727